000 01098nam a2200277 a 4500
001 27584
003 BD-RjUL
005 20211209051156.0
008 180405s1916 enk 000 0 eng d
035 _a(BD-RjUL)27658
040 _aUkOxU
_beng
_erda
_cUkOxU
_dBD-RjUL
041 _aeng
082 _223
_a297.8
_bMAO 1916
100 1 _aMargoliouth, D. S.
_q(David Samuel),
_d1858-1940,
_9223956
245 1 0 _aOn Mahdis and Mahdiism /
_cby D. S. Margoliouth.
264 1 _aLondon :
_bPublished for the British Academy by Humphrey Milford, Oxford University Press,
_c[1916?]
300 _a21 p. ;
_c26 cm
490 1 _aProceedings of the British Academy ;
_vvol. 7.
490 1 _aBritish Academy. Proceedings ;
_v1915-1916
500 _aOffprint from: Proceedings of the British Academy. Vol. VII (1916). London: Humphrey Milford, Oxford University Press.
504 _aIncludes bibliographical references.
650 0 _aMahdism
_9223957
830 0 _aProceedings of the British Academy ;
_vvol. 7.
_9223965
830 0 _aBritish Academy. Proceedings ;
_v1915-1916
_9223966
942 _2ddc
_cRAR
999 _c27584
_d27584